000
00327nam a2200121Ia 4500
008
190722s9999 xx 000 0 und d
020
_a
978-1-59693-410-8
100
_a
Kaushal Rege Igor
245
0
_a
Methods in Bioengineering Nanoscale Bioengineering
260
_a
London
_b
Artech House
_c
2009
300
_a
350
942
_c
BK
999
_c
1109
_d
1109